| 000 | 00703nam a2200253 a 4500 | ||
|---|---|---|---|
| 001 | 64648 | ||
| 003 | BD-RjUL | ||
| 005 | 20211209081330.0 | ||
| 008 | 170216s1968 nyuab b 000 0 eng d | ||
| 035 | _a(BD-RjUL)64778 | ||
| 040 |
_aDLC _cDLC _dDLC _beng |
||
| 041 | _aeng | ||
| 082 | 0 | 0 |
_a914.031 _bKIM 1968 |
| 100 | 1 |
_aKirchner, Walther. _9191681 |
|
| 245 | 1 | 0 |
_aMiddle Ages, 375-1492 / _cWalther Kirchner |
| 260 |
_aNew York : _bBarnes & Noble, _c1968 |
||
| 300 |
_axiii, 338 p. : _bill. ; _c21 cm. |
||
| 350 |
_a1.95 _a(2.15 Can.) |
||
| 490 | 0 | _aCollege outline series, no. 31 | |
| 504 | _aIncludes bibliographies. | ||
| 650 | 0 |
_aMiddle Ages. _9172073 |
|
| 942 |
_2ddc _cBK |
||
| 999 |
_c64648 _d64648 |
||